000 00744nam a2200181Ia 4500
008 100920s9999 xx 000 0 und d
082 _b88578
_a930 थ 39
100 _aओतुरकर राजाराम विनायक.
245 _aप्राचीन हिंदु स्रामाज्य.(2005-1205).
260 _bकेतकर विष्णु गंगाधर पुणे.
_c1939
300 _a143
_bसाधी
365 _b0.75
520 _aइतिहास.
630 _aप्राचीन हिंदु स्रामाज्य.(2005-1205).
650 _aइतिहास.
730 _aप्राचीन हिंदु स्रामाज्य.(2005-1205).
942 _cBOOK
999 _c729082
_d729079